[Event "Sicilia Regional-ch"]
[Site "Erice"]
[Date "2009.05.31"]
[Round "2"]
[White "Napolitano, Giuseppe"]
[Black "Piazza, Dario"]
[Result "1/2-1/2"]
[WhiteElo "1335"]
[BlackElo "1521"]
[PlyCount "137"]
[EventDate "2009.05.30"]
[EventType "swiss"]
[EventRounds "7"]
[EventCountry "ITA"]
[SourceTitle "EXT 2011"]
[Source "ChessBase"]
[SourceDate "2010.11.26"]
[SourceVersion "1"]
[SourceVersionDate "2010.11.26"]
[SourceQuality "1"]

1. e4 e5 2. Nf3 Nc6 3. Bb5 a6 4. Ba4 Bc5 5. c4 Nf6 6. Nc3 d6 7. 0-0 Bg4 8. h3 Bh5 9. Bxc6+ bxc6 10. d3 0-0 11. Na4 Bd4 12. Be3 Bxe3 13. fxe3 Nd7 14. Qe1 Nb6 15. Nxb6 cxb6 16. Qh4 Qxh4 17. Nxh4 Be2 18. Rfe1 Bxd3 19. Rad1 Bxe4 20. Rxd6 Rad8 21. Red1 Rxd6 22. Rxd6 f5 23. Nf3 Re8 24. Nd2 Bd3 25. Rxd3 b5 26. cxb5 cxb5 27. b4 g5 28. e4 f4 29. Rd6 Rc8 30. Nf3 Rc1+ 31. Kh2 g4 32. hxg4 Rc2 33. Rxa6 Rc4 34. Nxe5 Rxb4 35. Rb6 Rxe4 36. Rxb5 Kg7 37. Nf3 Ra4 38. Rb2 Kf6 39. g3 Kg6 40. gxf4 Rxf4 41. Kg3 Ra4 42. Ne5+ Kg5 43. Rf2 Re4 44. Rf5+ Kh6 45. Nf7+ Kg6 46. Nd6 Re3+ 47. Rf3 Re6 48. Nc4 Kg5 49. a4 Re4 50. Nb2 Rxg4+ 51. Kf2 Rb4 52. Nd3 Rxa4 53. Rg3+ Kf6 54. Rf3+ Ke7 55. Nc5 Ra2+ 56. Kg3 Kd6 57. Ne4+ Ke5 58. Ng5 h5 59. Kh4 Rh2+ 60. Nh3 Ke4 61. Rf7 Rh1 62. Rh7 Kf3 63. Rg7 Rh2 64. Rg3+ Ke4 65. Kxh5 Kf5 66. Rf3+ Ke4 67. Kg4 Rg2+ 68. Rg3 Rxg3+ 69. Kxg3 1/2-1/2